000 00392nam a2200157Ia 4500
008 221030s9999 xx 000 0 und d
020 _a8176294683
041 _aEnglish
082 _a105.23
_bBha
100 _aS. K. Bhatia
245 0 _aContructive Industrial Relations & Labour Laws
260 _bDeep & Deep Pub
_aNew Delhi
_c2003
300 _a321
650 _aManagement
942 _cBK
999 _c1737
_d1737